[Event "WYCC 2018 G18"]
[Site "Halkidiki"]
[Date "2018.10.30"]
[Round "11"]
[White "Avetisyan, Mariam"]
[Black "Priyanka, Kumari"]
[Result "1-0"]
[WhiteElo "2049"]
[BlackElo "2005"]
[Annotator "NA"]
[PlyCount "131"]
[EventDate "2018.10.20"]
[EventType "swiss"]
[EventCountry "GRE"]
[SourceTitle "playchess.com"]
[Source "ChessBase"]
[SourceQuality "1"]
[TimeControl "40/5400+30:1800+30"]

1. d4 {[%emt 0:00:00]} Nf6 {[%emt 0:00:07]} 2. c4 {[%emt 0:00:00]} g6 {[%emt 0:00:09]} 3. Nc3 {[%emt 0:00:00]} Bg7 {[%emt 0:00:06]} 4. e4 {[%emt 0:00:00]} d6 {[%emt 0:00:05]} 5. Nf3 {[%emt 0:00:00]} O-O {[%emt 0:00:41]} 6. Be2 {[%emt 0:00:00]} e5 {[%emt 0:00:11]} 7. O-O {[%emt 0:00:03]} Nc6 {[%emt 0:00:12]} 8. Be3 {[%emt 0:00:03]} Ng4 {[%emt 0:04:03]} 9. Bg5 {[%emt 0:00:48]} f6 {[%emt 0:00:28]} 10. Bh4 {[%emt 0:00:05]} h5 {[%emt 0:17:47]} 11. h3 {[%emt 0:01:41] E97: Königsindisch (Klassisches System)} Nh6 {[%emt 0:00:17]} 12. dxe5 {[%emt 0:03:49]} (12. d5 Ne7 13. Ne1 g5 14. Bg3 g4 15. hxg4 hxg4 16. Nc2 f5 17. exf5 Nexf5 18. Ne4 Nxg3 19. fxg3 Rxf1+ 20. Qxf1 {½-½ (54) Potkin,V (2605)-Saric,I (2647) Sochi 2015}) 12... dxe5 {[%emt 0:00:25]} 13. Qxd8 {[%emt 0:03:15]} Nxd8 {[%emt 0:00:13]} 14. Rfd1 {[%emt 0:02:34]} Ne6 {[%emt 0:04:18]} 15. Bg3 {[%emt 0:03:39]} b6 $146 {[%emt 0:04:25]} ({Vorgänger:} 15... Nf7 16. Ne1 Nd4 17. Bd3 Nd8 18. Nc2 Nxc2 19. Bxc2 {½-½ (37) Incutto,C-Montoro,G Martinez Valle 1993}) 16. Nh4 {[%emt 0:06:08]} Kh7 {[%emt 0:02:00]} 17. Nd5 {[%emt 0:11:31]} Re8 {[%emt 0:05:27]} 18. Nf3 {[%emt 0:06:48]} Bb7 {[%emt 0:01:10]} 19. Bf1 {[%emt 0:05:57]} Rad8 {[%emt 0:01:22]} 20. Nd2 {[%emt 0:05:47]} Rd7 {[%emt 0:06:23]} 21. Nb3 {[%emt 0:03:59]} Red8 {[%emt 0:01:27]} 22. f3 {[%emt 0:03:46]} Kg8 {[%emt 0:13:38]} 23. a4 {[%emt 0:04:39]} f5 {[%emt 0:10:53]} 24. c5 {[%emt 0:11:09]} c6 {[%emt 0:06:57]} 25. Nc3 {[%emt 0:01:58]} Rxd1 {[%emt 0:00:18]} 26. Rxd1 {[%emt 0:00:03]} Rxd1 {[%emt 0:00:45]} 27. Nxd1 {[%emt 0:00:04]} Nxc5 {[%emt 0:00:16]} 28. Nxc5 {[%emt 0:00:10]} bxc5 {[%emt 0:00:05]} 29. Bf2 {[%emt 0:00:25]} Bf8 {[%emt 0:00:51]} 30. b3 {[%emt 0:00:55]} fxe4 {[%emt 0:03:30]} 31. fxe4 {[%emt 0:00:04]} Nf7 {[%emt 0:00:10]} 32. Be3 {[%emt 0:08:16]} Bc8 {[%emt 0:06:50]} 33. Bc4 {[%emt 0:00:34]} Kg7 {[%emt 0:00:14]} 34. Nb2 {[%emt 0:01:23]} Nd6 {[%emt 0:01:56]} 35. Bxc5 {[%emt 0:02:45]} a6 {[%emt 0:05:33]} 36. Bd3 {[%emt 0:01:02]} Kf7 {[%emt 0:00:38]} 37. b4 {[%emt 0:03:51]} Be7 {[%emt 0:01:15]} 38. a5 {[%emt 0:02:40]} Ne8 {[%emt 0:03:03]} 39. Na4 {[%emt 0:06:08]} Nc7 {[%emt 0:00:12]} 40. Kf2 {[%emt 0:00:00]} Bxc5+ {[%emt 0:00:00]} 41. Nxc5 {[%emt 0:02:03]} Kf6 {[%emt 0:02:26]} 42. Kg3 {[%emt 0:04:21]} Kg5 {[%emt 0:00:40]} 43. h4+ {[%emt 0:09:10]} Kf6 {[%emt 0:00:12]} 44. Be2 {[%emt 0:00:21]} Nb5 {[%emt 0:04:53]} 45. Kf2 {[%emt 0:00:58]} Kg7 {[%emt 0:02:46]} 46. g4 {[%emt 0:03:55]} hxg4 {[%emt 0:04:15]} 47. Kg3 {[%emt 0:00:45]} Kf6 {[%emt 0:05:10]} 48. Bxg4 {[%emt 0:01:14]} Bxg4 {[%emt 0:00:17]} 49. Kxg4 {[%emt 0:00:02]} Nc7 {[%emt 0:00:20]} 50. Nd7+ {[%emt 0:03:20]} Ke6 {[%emt 0:00:30]} 51. Nb8 {[%emt 0:01:00]} Kf6 {[%emt 0:01:58]} 52. Nxc6 {[%emt 0:00:05]} Nb5 {[%emt 0:01:06]} 53. Nb8 {[%emt 0:00:28]} Nc7 {[%emt 0:00:05]} 54. Nd7+ {[%emt 0:01:17]} Ke6 {[%emt 0:00:18]} 55. Nc5+ {[%emt 0:00:03]} Kf6 {[%emt 0:00:13]} 56. Kf3 {[%emt 0:02:03]} Kf7 {[%emt 0:01:21]} 57. Ke2 {[%emt 0:00:15]} Ke7 {[%emt 0:00:19]} 58. Kd3 {[%emt 0:00:13]} Kd6 {[%emt 0:00:25]} 59. Kc4 $18 {[%emt 0:00:21]} Kc6 {[%emt 0:00:12]} 60. Nxa6 {[%emt 0:00:42]} Ne8 {[%emt 0:00:42]} 61. b5+ {[%emt 0:00:10]} Kb7 {[%emt 0:00:09]} 62. Nc5+ {[%emt 0:00:04]} Kc7 {[%emt 0:00:25]} 63. b6+ {[%emt 0:01:06]} Kb8 {[%emt 0:00:10]} 64. a6 {[%emt 0:00:18]} Nd6+ {[%emt 0:00:21]} 65. Kd5 {[%emt 0:00:07]} Nc8 {[%emt 0:00:14]} 66. Nd7+ {[%emt 0:00:13]} 1-0

[Event "WYCC 2018 G18"]
[Site "Halkidiki"]
[Date "2018.10.30"]
[Round "11"]
[White "Cvitan, Ena"]
[Black "Dong, Khanh Linh"]
[Result "1/2-1/2"]
[WhiteElo "2034"]
[BlackElo "1879"]
[Annotator "NA"]
[PlyCount "109"]
[EventDate "2018.10.20"]
[EventType "swiss"]
[EventCountry "GRE"]
[SourceTitle "playchess.com"]
[Source "ChessBase"]
[SourceQuality "1"]
[TimeControl "40/5400+30:1800+30"]

1. d4 {[%emt 0:00:00]} d5 {[%emt 0:00:00]} 2. c4 {[%emt 0:00:00]} e6 {[%emt 0:00:00]} 3. Nc3 {[%emt 0:00:00]} Nf6 {[%emt 0:00:00]} 4. cxd5 Nxd5 {[%emt 0:00:47]} 5. e4 {[%emt 0:01:09]} Nxc3 {[%emt 0:02:09]} 6. bxc3 c5 {[%emt 0:04:28]} 7. Rb1 {[%emt 0:01:45]} Qa5 {[%emt 0:03:01] D35: Queen's Gambit Declined: Exchange Variation} (7... Be7 8. Nf3 O-O 9. h4 cxd4 10. cxd4 Nc6 11. Bb5 a6 12. Bxc6 bxc6 13. h5 h6 14. Ne5 Bd6 15. O-O {½-½ (30) Yu,Y (2765)-Radjabov,T (2751) Batumi 2018}) 8. Bd2 {[%emt 0:07:12]} cxd4 {[%emt 0:09:56]} 9. cxd4 {[%emt 0:11:46]} Qxa2 {[%emt 0:12:41]} 10. Nf3 {[%emt 0:08:07]} a6 $146 {[%emt 0:04:58]} ({Predecessor:} 10... Be7 11. Bd3 O-O 12. O-O Qa3 13. Qe2 Qd6 14. Rfd1 Re8 15. e5 {0-1 (49) Luz,A (2170)-Terao,R (2384) Florianopolis 2018}) 11. Bd3 {[%emt 0:08:33]} Qa3 {[%emt 0:05:03]} 12. Qe2 {[%emt 0:03:14]} Nc6 {[%emt 0:06:19]} 13. O-O Qd6 14. d5 {[%emt 0:07:36]} Nd8 {[%emt 0:09:10]} 15. Bb4 {[%emt 0:08:43]} Qf4 {[%emt 0:05:30]} 16. Bxf8 {[%emt 0:03:48]} Kxf8 {[%emt 0:00:48]} 17. Qb2 {[%emt 0:01:06]} Qd6 {[%emt 0:12:46]} 18. Rfe1 {[%emt 0:07:43]} Rb8 {[%emt 0:03:18]} 19. e5 Qxd5 {[%emt 0:03:11]} 20. Qa3+ {[%emt 0:08:57]} Ke8 {[%emt 0:03:25]} 21. Red1 {[%emt 0:05:21]} b5 {[%emt 0:07:55]} 22. Bxh7 {[%emt 0:06:18]} Qb7 {[%emt 0:00:52]} 23. Qd6 {[%emt 0:02:57]} Qb6 {[%emt 0:01:08]} 24. Qd3 {[%emt 0:03:17]} Rb7 {[%emt 0:02:10]} 25. Be4 {[%emt 0:00:56]} Rd7 {[%emt 0:00:15]} 26. Qc2 {[%emt 0:01:19]} Qc7 {[%emt 0:00:30]} 27. Rxd7 {[%emt 0:00:38]} Qxc2 {[%emt 0:01:12]} 28. Rxd8+ {[%emt 0:00:07]} Kxd8 {[%emt 0:00:17]} 29. Bxc2 {[%emt 0:00:01]} Bb7 {[%emt 0:00:17]} 30. Bd3 {[%emt 0:02:48]} Kc7 {[%emt 0:00:19]} 31. Ng5 {[%emt 0:01:13]} Rd8 {[%emt 0:00:06]} 32. Be2 {[%emt 0:00:26]} Rd7 {[%emt 0:00:25]} 33. h4 {[%emt 0:00:37]} Kb6 34. h5 Kc5 {[%emt 0:02:31]} 35. g4 {[%emt 0:01:00]} b4 {[%emt 0:00:00]} 36. Rc1+ {[%emt 0:00:30]} Kb6 {[%emt 0:00:18]} 37. Rd1 {[%emt 0:00:39]} Bd5 {[%emt 0:00:42]} 38. Ne4 a5 39. g5 {[%emt 0:01:10]} Rd8 {[%emt 0:00:39]} 40. Nd6 {[%emt 0:00:00]} b3 {[%emt 0:00:00]} 41. Bc4 {[%emt 0:14:04]} a4 $1 {[%emt 0:09:13]} 42. h6 $2 {[%emt 0:07:39]} (42. Nxf7 b2) (42. Bxd5 $11 exd5 43. Rb1 (43. Rxd5 Kc6 $11) (43. Nxf7 Ra8 $11)) 42... gxh6 {[%emt 0:02:48]} 43. gxh6 {[%emt 0:00:02]} Rg8+ {[%emt 0:00:42]} 44. Kf1 {[%emt 0:00:48]} Bf3 $2 {[%emt 0:02:19]} (44... b2 $11 45. Ke2 (45. Bxd5 exd5 46. Ke2 a3 $19) 45... a3) 45. Rb1 {[%emt 0:02:13]} Kc5 {[%emt 0:03:19]} 46. Bxb3 {[%emt 0:01:09]} Rg5 {[%emt 0:08:06]} 47. Bxa4 {[%emt 0:05:00]} Bg2+ {[%emt 0:00:28]} 48. Ke2 {[%emt 0:02:02]} Rxe5+ {[%emt 0:00:07]} 49. Kd2 {[%emt 0:00:24]} Kxd6 {[%emt 0:00:10]} 50. Rb5 {[%emt 0:02:05]} Be4 {[%emt 0:06:26]} 51. Rxe5 {[%emt 0:00:36]} Kxe5 {[%emt 0:00:06]} 52. Ke3 {[%emt 0:00:24]} Bh7 {[%emt 0:00:47]} 53. f4+ {[%emt 0:00:21]} Kf6 {[%emt 0:00:35]} 54. Be8 {[%emt 0:00:27]} Kg6 $11 {[%emt 0:00:14]} 55. f5+ {[%emt 0:00:45]} 1/2-1/2

[Event "WYCC 2018 G18"]
[Site "Halkidiki"]
[Date "2018.10.30"]
[Round "11"]
[White "Hng, Mei-En Emmanuelle"]
[Black "Cosme Contreras, Trilce"]
[Result "1/2-1/2"]
[WhiteElo "2020"]
[BlackElo "1829"]
[Annotator "NA"]
[PlyCount "69"]
[EventDate "2018.10.20"]
[EventType "swiss"]
[EventCountry "GRE"]
[SourceTitle "playchess.com"]
[Source "ChessBase"]
[SourceQuality "1"]
[TimeControl "40/5400+30:1800+30"]

1. Nf3 {[%emt 0:00:00]} (1. d4 Nf6 2. Nf3 g6 3. c4 Bg7 4. Nc3 O-O 5. g3 d6 6. Bg2 Nc6 7. d5 Na5 8. Qd3 c5 9. O-O a6 10. Re1 Rb8 11. Nd2 b5 12. e4 Ng4 13. cxb5 axb5 14. Nf3 b4 15. Nd1 Qb6 16. h3 Ba6 17. Qc2 Ne5 18. Nxe5 Bxe5 {0-1 (41) Dragasevic,D (2229)-Ostojic,N (2434) Kragujevac 2016}) 1... Nf6 2. g3 {[%emt 0:00:00]} g6 {[%emt 0:00:17]} 3. Bg2 Bg7 {[%emt 0:00:00]} 4. O-O {[%emt 0:00:05]} O-O {[%emt 0:00:22]} 5. c4 {[%emt 0:00:00]} d6 6. d4 Nc6 {[%emt 0:01:06]} 7. Nc3 {[%emt 0:01:19]} a6 {[%emt 0:00:17]} 8. Re1 {[%emt 0:01:41]} Rb8 {[%emt 0:04:31]} 9. d5 {[%emt 0:12:52]} Na5 {[%emt 0:01:06]} 10. Qd3 {[%emt 0:08:22]} c5 {[%emt 0:00:55]} 11. dxc6 {[%emt 0:02:31] E66: King's Indian: Fianchetto: 6...c5 7 0-0 Nc6 8 d5} Nxc6 {[%emt 0:01:12]} 12. a3 $146 {[%emt 0:04:04]} ({Predecessor:} 12. e4 Ng4 13. Bf4 Qb6 14. Re2 Be6 15. Nd5 Bxd5 16. cxd5 Nd4 17. Rd2 Nxf3+ 18. Bxf3 Ne5 19. Bxe5 Bxe5 {0-1 (44) Abel,P (2188)-Kapusta,P (2139) Slovakia 2013}) 12... b5 {[%emt 0:10:37]} 13. cxb5 {[%emt 0:09:45]} axb5 {[%emt 0:00:04]} 14. Nd4 {[%emt 0:00:05]} Nxd4 {[%emt 0:03:18]} 15. Qxd4 {[%emt 0:00:02]} Be6 {[%emt 0:00:53]} 16. Qb4 {[%emt 0:01:05]} Ng4 {[%emt 0:07:51]} 17. h3 {[%emt 0:05:27]} Ne5 {[%emt 0:01:02]} 18. Bf4 {[%emt 0:00:42]} Qd7 {[%emt 0:02:17]} 19. Bxe5 {[%emt 0:07:53]} Bxe5 {[%emt 0:00:07]} 20. Rac1 {[%emt 0:03:01]} Rfc8 {[%emt 0:15:24]} 21. Nd5 {[%emt 0:02:13]} Bxd5 {[%emt 0:03:54]} 22. Bxd5 {[%emt 0:00:16]} Qxh3 {[%emt 0:00:47]} 23. Rxc8+ {[%emt 0:00:44]} Qxc8 {[%emt 0:01:28]} 24. Qd2 {[%emt 0:02:30]} Qf5 {[%emt 0:03:08]} 25. Kg2 {[%emt 0:08:46]} Bxb2 {[%emt 0:02:41]} 26. Bxf7+ {[%emt 0:01:32]} Qxf7 {[%emt 0:00:06]} 27. Qxb2 {[%emt 0:00:05]} e5 {[%emt 0:04:13]} 28. Rd1 {[%emt 0:02:34]} Rb6 {[%emt 0:11:07]} 29. Kg1 $11 {[%emt 0:12:31]} Qc4 {[%emt 0:07:39]} 30. Rc1 {[%emt 0:00:31]} Qd5 {[%emt 0:00:19]} 31. Rc8+ {[%emt 0:00:53]} Kg7 {[%emt 0:00:41]} 32. Rc7+ {[%emt 0:03:38]} Kg8 {[%emt 0:05:52]} 33. Rc8+ {[%emt 0:02:24]} Kg7 {[%emt 0:00:09]} 34. Rc7+ {[%emt 0:00:04]} Kg8 {[%emt 0:00:05]} 35. Rc8+ 1/2-1/2

[Event "WYCC 2018 G18"]
[Site "Halkidiki"]
[Date "2018.10.30"]
[Round "11"]
[White "Bauyrzhan, Arnash"]
[Black "Abeysinghe, H M H Janandani"]
[Result "1-0"]
[WhiteElo "2011"]
[BlackElo "1698"]
[Annotator "NA"]
[PlyCount "109"]
[EventDate "2018.10.20"]
[EventType "swiss"]
[EventCountry "GRE"]
[SourceTitle "playchess.com"]
[Source "ChessBase"]
[SourceQuality "1"]
[TimeControl "40/5400+30:1800+30"]

1. e4 {[%emt 0:00:00]} c5 {[%emt 0:00:00]} 2. Nf3 {[%emt 0:00:00]} d6 {[%emt 0:00:00]} 3. Bb5+ {[%emt 0:00:20]} Bd7 {[%emt 0:00:27]} 4. Bxd7+ {[%emt 0:00:16]} Qxd7 {[%emt 0:00:08]} 5. c4 {[%emt 0:00:24]} Nf6 {[%emt 0:01:02]} 6. Nc3 {[%emt 0:00:15]} g6 {[%emt 0:00:58]} 7. d4 {[%emt 0:00:51]} cxd4 {[%emt 0:02:50]} 8. Nxd4 {[%emt 0:00:13]} Bg7 {[%emt 0:00:14]} 9. f3 {[%emt 0:01:21]} O-O {[%emt 0:01:02]} 10. Be3 {[%emt 0:00:44]} Nc6 {[%emt 0:00:26]} 11. O-O {[%emt 0:00:58]} a6 {[%emt 0:01:07]} 12. Na4 {[%emt 0:02:22] B52: Sicilian: Moscow Variation with 3...Bd7} Qc7 {[%emt 0:04:10]} (12... Rab8 13. Nxc6 Qxc6 14. Nb6 Nd7 15. Nxd7 Qxd7 16. Rf2 b5 17. c5 Qa7 18. Rc1 dxc5 19. Bxc5 Qc7 {1-0 (50) Caruana,F (2807)-Kasparov,G (2812) Saint Louis 2017}) 13. Nxc6 {[%emt 0:00:31]} Qxc6 {[%emt 0:00:36]} 14. Nb6 {[%emt 0:01:13]} Rad8 {[%emt 0:01:37]} 15. Rc1 {[%emt 0:01:35]} e6 {[%emt 0:04:51] [#]} 16. b3 $146 {[%emt 0:04:53]} ({Predecessor:} 16. a4 Nd7 17. Nd5 Rfe8 18. b4 Bb2 19. Rc2 Be5 {½-½ (40) Paravyan,D (2525)-Donchenko,A (2553) Moscow 2017}) 16... Nd7 {[%emt 0:03:18]} 17. Nxd7 {[%emt 0:01:00]} Rxd7 {[%emt 0:01:02]} 18. Qd2 {[%emt 0:02:45]} Rfd8 {[%emt 0:02:51]} 19. Rfd1 {[%emt 0:01:13]} Bf8 {[%emt 0:03:41]} 20. Qf2 {[%emt 0:00:55]} Be7 {[%emt 0:01:58]} 21. Bd4 {[%emt 0:01:24]} Bf8 {[%emt 0:03:11]} 22. Bb6 {[%emt 0:03:53]} Rc8 {[%emt 0:01:42]} 23. Be3 {[%emt 0:02:04]} Qc7 {[%emt 0:02:24]} 24. f4 {[%emt 0:05:39]} Qd8 {[%emt 0:02:02]} 25. Bb6 {[%emt 0:05:20]} Qe8 {[%emt 0:00:22]} 26. Rc3 {[%emt 0:01:12]} Be7 {[%emt 0:02:36]} 27. Rcd3 {[%emt 0:00:28]} Rc6 {[%emt 0:03:16]} 28. Bd4 {[%emt 0:03:50]} Rdc7 {[%emt 0:02:32]} 29. Bb2 {[%emt 0:03:25]} Qf8 {[%emt 0:06:27]} 30. f5 {[%emt 0:03:48]} Rd7 {[%emt 0:06:08]} 31. fxe6 {[%emt 0:02:48]} fxe6 {[%emt 0:00:42]} 32. Rf3 {[%emt 0:00:13]} Qe8 {[%emt 0:00:55]} 33. Qd4 $18 {[%emt 0:00:26]} e5 {[%emt 0:02:04]} 34. Qd5+ {[%emt 0:00:08]} Kh8 {[%emt 0:01:01]} 35. Bxe5+ {[%emt 0:00:55]} dxe5 {[%emt 0:00:26]} 36. Qxd7 {[%emt 0:00:07]} Qxd7 {[%emt 0:00:26]} 37. Rxd7 {[%emt 0:00:06]} Bc5+ {[%emt 0:01:06]} 38. Kf1 {[%emt 0:00:08]} b5 {[%emt 0:00:28]} 39. Rff7 {[%emt 0:00:18]} Kg8 {[%emt 0:00:56]} 40. Rg7+ {[%emt 0:00:00]} Kf8 {[%emt 0:00:00]} 41. Rxh7 {[%emt 0:00:34]} Kg8 {[%emt 0:00:24]} 42. Rhg7+ {[%emt 0:00:47]} Kf8 {[%emt 0:00:08]} 43. Rgf7+ {[%emt 0:00:13]} Ke8 {[%emt 0:00:10]} 44. Rc7 {[%emt 0:00:12]} Rxc7 {[%emt 0:00:09]} 45. Rxc7 {[%emt 0:00:06]} Be7 {[%emt 0:00:20]} 46. cxb5 {[%emt 0:00:10]} axb5 {[%emt 0:00:07]} 47. a4 {[%emt 0:00:05]} bxa4 {[%emt 0:00:12]} 48. bxa4 {[%emt 0:00:05]} Kd8 {[%emt 0:00:04]} 49. Rb7 {[%emt 0:00:11]} g5 {[%emt 0:01:09]} 50. a5 {[%emt 0:00:06]} Bc5 {[%emt 0:00:07]} 51. a6 {[%emt 0:00:07]} Kc8 {[%emt 0:00:06]} 52. Ke2 {[%emt 0:00:13]} Bd4 {[%emt 0:00:16]} 53. Kd3 {[%emt 0:00:06]} Bc5 {[%emt 0:00:20]} 54. Kc4 {[%emt 0:00:06]} Bd4 {[%emt 0:00:06]} 55. Kd5 {[%emt 0:00:09]} 1-0

[Event "WYCC 2018 G18"]
[Site "Halkidiki"]
[Date "2018.10.30"]
[Round "11"]
[White "Li, Yilin"]
[Black "Ni Mhuireagain, Eibhia"]
[Result "1-0"]
[WhiteElo "1993"]
[BlackElo "1655"]
[Annotator "NA"]
[PlyCount "99"]
[EventDate "2018.10.20"]
[EventType "swiss"]
[EventCountry "GRE"]
[SourceTitle "playchess.com"]
[Source "ChessBase"]
[SourceQuality "1"]
[TimeControl "40/5400+30:1800+30"]

1. c4 {[%emt 0:00:00]} c6 {[%emt 0:00:27]} 2. d4 {[%emt 0:00:00]} d5 {[%emt 0:00:13]} 3. Nc3 {[%emt 0:00:06]} Nf6 {[%emt 0:00:08]} 4. Nf3 {[%emt 0:00:12]} Bf5 {[%emt 0:00:13]} 5. e3 {[%emt 0:01:10]} e6 {[%emt 0:00:13]} 6. h3 {[%emt 0:01:18]} h6 {[%emt 0:02:50]} 7. Be2 {[%emt 0:04:28]} Bd6 {[%emt 0:01:59]} 8. c5 {[%emt 0:02:10]} Bc7 {[%emt 0:00:55]} 9. O-O $11 {[%emt 0:00:09]} Nbd7 {[%emt 0:00:31]} 10. b4 {[%emt 0:03:27]} O-O {[%emt 0:02:28]} 11. a4 {[%emt 0:02:45]} e5 {[%emt 0:03:54]} 12. b5 {[%emt 0:06:11]} e4 {[%emt 0:05:11]} 13. Ne1 {[%emt 0:02:43]} Nh7 {[%emt 0:01:56]} 14. Bg4 {[%emt 0:01:28]} Bg6 {[%emt 0:11:42]} 15. Bh5 {[%emt 0:00:27]} Qg5 {[%emt 0:02:09]} 16. Bxg6 {[%emt 0:00:48]} Qxg6 {[%emt 0:00:21]} 17. Qg4 {[%emt 0:00:17]} Qxg4 {[%emt 0:00:29]} 18. hxg4 {[%emt 0:00:02]} Ndf6 {[%emt 0:03:32]} 19. f3 {[%emt 0:02:09]} Ng5 {[%emt 0:02:11]} 20. Nc2 {[%emt 0:01:32]} Ba5 {[%emt 0:06:19]} 21. Bd2 {[%emt 0:01:50]} Rac8 {[%emt 0:02:04]} 22. Nxe4 {[%emt 0:01:26]} Bxd2 {[%emt 0:02:42]} 23. Nxd2 {[%emt 0:00:03]} b6 {[%emt 0:03:29]} 24. Nb3 {[%emt 0:01:45]} Nd7 {[%emt 0:00:56]} 25. bxc6 {[%emt 0:00:46]} Rxc6 {[%emt 0:00:09]} 26. Nb4 {[%emt 0:00:04]} Re6 {[%emt 0:01:16]} 27. Nxd5 {[%emt 0:00:16]} bxc5 {[%emt 0:00:39]} 28. Nxc5 {[%emt 0:01:05]} Rd6 {[%emt 0:01:22]} 29. Ne7+ {[%emt 0:00:44]} Kh8 {[%emt 0:00:35]} 30. Nf5 {[%emt 0:00:07]} Rd5 {[%emt 0:02:58]} 31. e4 {[%emt 0:00:08]} Rxc5 {[%emt 0:00:25]} 32. dxc5 {[%emt 0:00:03]} Nxc5 {[%emt 0:00:08]} 33. Rfd1 {[%emt 0:00:57]} Rb8 {[%emt 0:02:07]} 34. Rd5 {[%emt 0:00:11]} Nce6 {[%emt 0:00:36]} 35. Ra2 {[%emt 0:01:25]} f6 {[%emt 0:04:39]} 36. Rd7 {[%emt 0:00:36]} a6 {[%emt 0:02:51]} 37. Rd6 {[%emt 0:01:15]} Nc5 {[%emt 0:01:13]} 38. Rc6 {[%emt 0:01:08]} Nge6 {[%emt 0:00:25]} 39. a5 {[%emt 0:02:10]} Kh7 {[%emt 0:04:20]} 40. Kh2 {[%emt 0:00:00]} Kg6 {[%emt 0:00:00]} 41. Rb6 {[%emt 0:06:45]} Rd8 {[%emt 0:04:35]} 42. Ne7+ {[%emt 0:00:05]} Kf7 {[%emt 0:02:14]} 43. Nd5 {[%emt 0:00:03]} Rh8 {[%emt 0:01:39]} 44. Nb4 {[%emt 0:00:58]} Ra8 {[%emt 0:02:47]} 45. Rd2 {[%emt 0:01:43]} Nd8 {[%emt 0:04:07]} 46. Kg3 {[%emt 0:01:48]} Ke8 {[%emt 0:01:44]} 47. Rd5 {[%emt 0:06:30]} Ndb7 {[%emt 0:02:23]} 48. Nd3 {[%emt 0:02:40]} Nxd3 {[%emt 0:01:02]} 49. Rxb7 {[%emt 0:00:11]} Ne5 {[%emt 0:00:26]} 50. Rxg7 {[%emt 0:00:23]} 1-0

[Event "WYCC 2018 G18"]
[Site "Halkidiki"]
[Date "2018.10.30"]
[Round "11"]
[White "Hamedi Nia, Vesal"]
[Black "Tsivelekidou, Evgenia"]
[Result "1/2-1/2"]
[WhiteElo "1987"]
[BlackElo "1891"]
[Annotator "NA"]
[PlyCount "85"]
[EventDate "2018.10.20"]
[EventType "swiss"]
[EventCountry "GRE"]
[SourceTitle "playchess.com"]
[Source "ChessBase"]
[SourceQuality "1"]
[TimeControl "40/5400+30:1800+30"]

1. d4 {[%emt 0:00:00]} Nf6 {[%emt 0:00:00]} 2. c4 {[%emt 0:00:00]} c5 {[%emt 0:00:00]} 3. d5 {[%emt 0:00:00]} e5 {[%emt 0:00:00]} 4. Nc3 {[%emt 0:01:58]} d6 {[%emt 0:00:00]} 5. Qc2 {[%emt 0:06:38] A56: Czech Benoni} (5. e4 Nbd7 6. Bd3 Be7 7. Nge2 g6 8. O-O Nh5 9. Be3 O-O 10. Qd2 Ng7 11. Bh6 Nf6 12. h3 Kh8 13. Kh1 Ng8 14. Be3 Bd7 15. a3 {½-½ (102) Giri,A (2782)-Aronian,L (2767) chess.com INT 2018}) 5... Be7 {[%emt 0:01:21]} 6. h3 {[%emt 0:00:42]} O-O $146 {[%emt 0:01:45]} ({Predecessor:} 6... Nbd7 7. Nf3 Nf8 8. e3 Bd7 9. Be2 a6 10. a3 b5 11. b3 Qc8 12. Bd3 Ng6 {0-1 (25) Froehling,J (1518)-Karrer,P (1822) Winterthur 2002}) 7. Nf3 {[%emt 0:00:17]} Ne8 {[%emt 0:01:23]} 8. e4 {[%emt 0:03:18]} g6 {[%emt 0:03:13]} 9. Bh6 {[%emt 0:13:39]} Ng7 {[%emt 0:00:07]} 10. g4 {[%emt 0:01:28]} Nd7 {[%emt 0:02:32]} 11. Bd3 {[%emt 0:02:46]} Nf6 {[%emt 0:02:54]} 12. O-O-O {[%emt 0:02:09]} a6 {[%emt 0:01:47]} 13. Nd2 {[%emt 0:05:47]} Bd7 {[%emt 0:07:44]} 14. f4 {[%emt 0:04:23]} exf4 {[%emt 0:02:51]} 15. Bxf4 {[%emt 0:00:22]} b5 {[%emt 0:07:51]} 16. e5 {[%emt 0:02:09]} dxe5 {[%emt 0:11:18]} 17. Bxe5 {[%emt 0:02:15]} Nfe8 {[%emt 0:04:45]} 18. Nce4 {[%emt 0:07:29]} f6 {[%emt 0:02:57]} 19. Bh2 {[%emt 0:06:26]} Qb6 {[%emt 0:02:12]} 20. Rde1 {[%emt 0:05:01]} f5 {[%emt 0:04:14]} 21. gxf5 {[%emt 0:07:32]} Nxf5 {[%emt 0:01:55]} 22. Nf3 {[%emt 0:03:09]} bxc4 {[%emt 0:07:33]} 23. Bxc4 {[%emt 0:00:35]} Ned6 {[%emt 0:02:35]} 24. Nxd6 {[%emt 0:00:59]} Bxd6 {[%emt 0:00:24]} 25. Ne5 {[%emt 0:01:03]} Bb5 {[%emt 0:05:37]} 26. Rhg1 {[%emt 0:03:30]} Ra7 {[%emt 0:08:32]} 27. a4 {[%emt 0:11:49]} Be8 {[%emt 0:01:33]} 28. Nc6 {[%emt 0:00:59]} Rg7 {[%emt 0:01:58]} 29. Re6 {[%emt 0:01:32]} Qc7 {[%emt 0:03:40]} 30. Bxd6 {[%emt 0:01:09]} Nxd6 {[%emt 0:00:12]} 31. Rge1 {[%emt 0:01:35]} Bd7 {[%emt 0:03:24]} 32. Re7 {[%emt 0:00:53]} Nxc4 {[%emt 0:03:37]} 33. Qxc4 {[%emt 0:04:19]} Qf4+ {[%emt 0:00:44]} 34. Qxf4 {[%emt 0:00:26]} Rxf4 {[%emt 0:00:05]} 35. a5 {[%emt 0:00:37]} Rxe7 36. Rxe7 {[%emt 0:00:19]} Rf7 {[%emt 0:03:43]} 37. Re5 {[%emt 0:00:42]} Bxh3 {[%emt 0:00:47]} 38. d6 {[%emt 0:00:33]} Rd7 {[%emt 0:01:31]} 39. Re8+ {[%emt 0:00:28]} Kg7 {[%emt 0:01:42]} 40. Ra8 {[%emt 0:00:00]} Rxd6 {[%emt 0:00:00]} 41. Rxa6 {[%emt 0:00:39]} Bg2 $19 {[%emt 0:05:14]} 42. Ra7+ {[%emt 0:02:13]} Kf6 {[%emt 0:02:20]} 43. Nb8 1/2-1/2